Papeete - Choix multiples - Statistiques

Statistiques générales
  • Ce quiz a été pris 11 fois
  • Le résultat moyen est 6 sur 10
Statistiques - réponses
Question Réponse % Correct
Sur quelle île se situe Papeete ? Tahiti
100%
Quel produit de beauté obtenu par la macération de fleurs de tiaré dans de l'huile de coprah, peut-on trouver à l'étage du marché municipal de Papeete (marché couvert) ? Le monoï
90%
Quel incident s'est produit en 1995 à l'aéroport international de Papeete ? Il a été incendié par des opposants à la reprise des essais nucléaires.
70%
Dans quel archipel se situe Papeete (et du même coup, l'île précédente) ? Les îles de la Société
70%
Quel océan borde Papeete ? L'océan Pacifique
70%
Quel navigateur a un buste à son effigie à Papeete dans le parc qui porte son nom ? Louis-Antoine de Bougainville
70%
Parmi les images suivantes, laquelle montre un aspect de Papeete ?
60%
À quel dogme catholique est consacrée la cathédrale Notre-Dame de Papeete ? L'Immaculée Conception
60%
Parmi ces chanteurs, lequel est décédé à Papeete ? Joe Dassin
30%
Dans quel type de bois tropical a été sculptée la Vierge à l'Enfant que l'on trouve à l'entrée de la cathédrale Notre-Dame de Papeete ? En acajou
20%
Aucun quiz correspondant
Distribution des résultats
% des personnes avec chaque résultat
Percentile par nombre de réponses
Votre historique - résultats
Vous n’avez pas pris ce quiz